000
00229nam a2200097Ia 4500
100
_a
Yazdani, G
245
_a
Early history of the Deccan /
_c
by G Yazdani
260
_c
1960.
_a
New York :
_b
Oxford,
300
_a
855p. :
942
_c
GEN
999
_c
23287
_d
23287